000 00322 a2200121 4500
001 146858
040 _cEscola São Tomás de Aquino
100 _aVILACHÃ, Francisco S.
240 1 0 _aO alienista
_lpor
245 1 0 _aO alienista
697 _aCaricaturas, desenho animado, cômico, fotonovelas / Quadrinhos
942 _cBK
999 _c146858
_d146858